| 000 | 00862nam a22002657a 4500 | ||
|---|---|---|---|
| 003 | OSt | ||
| 005 | 20220107122807.0 | ||
| 008 | 160108b xxu||||| |||| 00| 0 eng d | ||
| 020 | _a9788189301026 | ||
| 040 | _cIIITMK | ||
| 082 | _a004 SIN/C | ||
| 100 |
_aSanjay Singhal _98172 |
||
| 245 |
_aComputer science and applications: _bUGC NET/SET for JRF and eligibility test for assistant professor and Ph.D/ M.Phil entrance exams. _cSanjay Singhal & Sameer Mishra |
||
| 260 |
_aNew Delhi, _bDanika Publishing Company, _c2016. |
||
| 300 | _axii, 704p. | ||
| 440 |
_aTruemans Specific Series _98173 |
||
| 650 |
_aCOMPUTER SCIENCE _98174 |
||
| 650 |
_aUGC _98175 |
||
| 650 |
_aUGC NET _98176 |
||
| 650 |
_aNATIONAL ELIGIBILITY TEST _98177 |
||
| 650 |
_aSET _98178 |
||
| 650 |
_aSTATE ELIGIBILITY TEST _98179 |
||
| 700 |
_aSameer Mishra _98180 |
||
| 942 |
_2ddc _cBK |
||
| 999 |
_c4903 _d4903 |
||